Countries That Dont Recognise Kosovo, Palestine, Or Taiwan - Statistics

General Stats
  • This quiz has been taken 61 times
  • The average score is 3 of 13
Answer Stats
Country % Correct
Israel
74%
Spain
40%
Greece
38%
Armenia
30%
Myanmar
28%
Mexico
26%
Cameroon
22%
Croatia
20%
Eritrea
18%
Bahamas
16%
Moldova
16%
Jamaica
12%
Trinidad and Tobago
8%
No matching quizzes found
Score Distribution
Percent of People with Each Score
Percentile by Number Answered
Your Score History
You have not taken this quiz